|
|
|
|
| LEADER |
00000nam a2200000 a 4500 |
| 001 |
UCR8126 |
| 003 |
CL-VaPUC |
| 005 |
20220930074237.0 |
| 008 |
980519e19360000UK |||||||||||||||||eng|d |
| 999 |
|
|
|c 269690
|d 269688
|
| 040 |
|
|
|c Pontificia Universidad Católica de Valparaíso
|
| 082 |
0 |
4 |
|a 331.01
|b KEY
|2 21
|
| 100 |
|
|
|a Keynes, John Maynard
|e author
|9 859135
|
| 245 |
1 |
4 |
|a The general theory of employment interest and money
|
| 260 |
|
|
|a Londres
|b MacMillan
|c 1936
|
| 300 |
|
|
|a 403 p
|
| 583 |
|
|
|a last modification
|c 19980519 00:00:00
|k Rodrigo Vera
|
| 650 |
|
0 |
|a Teorías económicas
|9 270968
|
| 650 |
|
7 |
|a ECONOMIA KEYNESIANA
|2 CL-VaPUC
|9 359265
|
| 650 |
|
0 |
|a Empleo
|9 339124
|
| 650 |
|
7 |
|a OCUPACIONES
|2 CL-VaPUC
|9 340942
|
| 650 |
|
0 |
|a Capital
|9 263726
|
| 650 |
|
7 |
|a INCENTIVOS
|2 CL-VaPUC
|9 339070
|
| 650 |
|
7 |
|a INTERESES
|2 CL-VaPUC
|9 358017
|
| 650 |
|
0 |
|a Salarios
|9 255321
|
| 650 |
|
7 |
|a CONDICIONES DE EMPLEO
|2 CL-VaPUC
|9 342232
|
| 650 |
|
7 |
|a ECONOMIA DEL TRABAJO
|2 CL-VaPUC
|9 320317
|
| 852 |
|
|
|a BIBCUR
|
| 942 |
|
|
|c BK
|2 ddc
|
| 945 |
|
|
|d 19980519 00:00:00
|a lriquelm
|